There will be blood (Record no. 29077)
[ view plain ]
| 000 -LEADER | |
|---|---|
| fixed length control field | 03991agm a22007935i 4500 |
| 001 - CONTROL NUMBER | |
| control field | ocn191960867 |
| 003 - CONTROL NUMBER IDENTIFIER | |
| control field | OCoLC |
| 005 - DATE AND TIME OF LATEST TRANSACTION | |
| control field | 20210227095831.0 |
| 007 - PHYSICAL DESCRIPTION FIXED FIELD--GENERAL INFORMATION | |
| fixed length control field | vd|cvaizq |
| 008 - FIXED-LENGTH DATA ELEMENTS--GENERAL INFORMATION | |
| fixed length control field | 080212s2008 cau158 e vleng d |
| 020 ## - INTERNATIONAL STANDARD BOOK NUMBER | |
| International Standard Book Number | 1415738939 |
| 020 ## - INTERNATIONAL STANDARD BOOK NUMBER | |
| International Standard Book Number | 9781415738931 |
| 024 1# - OTHER STANDARD IDENTIFIER | |
| Standard number or code | 097363479246 |
| 028 42 - PUBLISHER NUMBER | |
| Publisher number | 34792 |
| Source | Paramount Home Entertainment |
| 035 ## - SYSTEM CONTROL NUMBER | |
| System control number | (OCoLC)ocn191960867 |
| 037 ## - SOURCE OF ACQUISITION | |
| Source of stock number/acquisition | Midwest Tape |
| Note | http://www.midwesttapes.com |
| 040 ## - CATALOGING SOURCE | |
| Original cataloging agency | TEFMT |
| Transcribing agency | TEFMT |
| Modifying agency | TEF |
| -- | BTCTA |
| -- | RNC |
| -- | IHI |
| -- | JFL |
| -- | JED |
| -- | VP@ |
| -- | IUL |
| 041 1# - LANGUAGE CODE | |
| Language code of text/sound track or separate title | eng |
| -- | fre |
| -- | spa |
| Language code of summary or abstract/overprinted title or subtitle | eng |
| -- | fre |
| -- | spa |
| Language code of original and/or intermediate translations of text | eng |
| 043 ## - GEOGRAPHIC AREA CODE | |
| Geographic area code | n-us-ca |
| 049 ## - LOCAL HOLDINGS (OCLC) | |
| Holding library | IULA |
| 082 04 - DEWEY DECIMAL CLASSIFICATION NUMBER | |
| Classification number | 791.4372 |
| Item number | THE |
| Edition number | 22 |
| 130 0# - MAIN ENTRY--UNIFORM TITLE | |
| Uniform title | There will be blood (Motion picture) |
| 245 10 - TITLE STATEMENT | |
| Title | There will be blood |
| Medium | [videorecording] / |
| Statement of responsibility, etc | Paramount Vantage and Miramax Films ; a Joanne Sellar/Ghoulardi Film Company production ; written for the screen and directed by Paul Thomas Anderson ; produced by Joanne Sellar, Paul Thomas Anderson, Daniel Lupi. |
| 250 ## - EDITION STATEMENT | |
| Edition statement | Widescreen version. |
| 260 ## - PUBLICATION, DISTRIBUTION, ETC. (IMPRINT) | |
| Place of publication, distribution, etc | Hollywood, Calif. : |
| Name of publisher, distributor, etc | Paramount Home Entertainment, |
| Date of publication, distribution, etc | [2008] |
| 300 ## - PHYSICAL DESCRIPTION | |
| Extent | 1 videodisc (158 min.) : |
| Other physical details | sd., col. ; |
| Dimensions | 4 3/4 in. |
| 500 ## - GENERAL NOTE | |
| General note | Based on the novel "Oil" by Upton Sinclair. |
| 500 ## - GENERAL NOTE | |
| General note | Originally released as a motion picture in 2007. |
| 508 ## - CREATION/PRODUCTION CREDITS NOTE | |
| Creation/production credits note | Director of photography, Robert Elswit ; editor, Dylan Tichenor ; music, Jonny Greenwood ; costume designer, Mark Bridges ; production designer, Jack Fisk ; visual effects supervisors, Grady Cofer, Paul Graff. |
| 511 1# - PARTICIPANT OR PERFORMER NOTE | |
| Participant or performer note | Daniel Day-Lewis, Paul Dano, Kevin J. O'Connor, Ciarán Hinds, Dillon Freasier, Barry Del Sherman, Paul F. Tompkins. |
| 520 ## - SUMMARY, ETC. | |
| Summary, etc | A down-and-out silver miner raising a son, self-made oilman Daniel Plainview has a voracious appetite for oil and it turns him into a California tycoon in the early years of the 20th century. Getting the oil from the ground is an intensely physical process that later broadens into Plainview's equally indomitable urge to control land and power. Along the way, Plainview deals with a mighty derrick fire, a visit from a long-lost brother, the ongoing involvement of Plainview's poker-faced adoptive son, and Plainview's rivalry with Eli Sunday, the local preacher. |
| 538 ## - SYSTEM DETAILS NOTE | |
| System details note | DVD, region 1, widescreen (2.35:1) presentation, enhanced for 16x9 TVs; Dolby Digital 5.1 surround. |
| 546 ## - LANGUAGE NOTE | |
| Language note | English, French or Spanish dialogue with optional English, French or Spanish subtitles; closed-captioned. |
| 586 8# - AWARDS NOTE | |
| Awards note | Golden Globes, USA, 2008: Golden Globe - Best Performance by an Actor in a Motion Picture - Drama (Daniel Day-Lewis) |
| 650 #0 - SUBJECT ADDED ENTRY--TOPICAL TERM | |
| Topical term or geographic name as entry element | Oil industry workers |
| Geographic subdivision | California |
| Form subdivision | Drama. |
| 650 #0 - SUBJECT ADDED ENTRY--TOPICAL TERM | |
| Topical term or geographic name as entry element | Oil well drilling rigs |
| Geographic subdivision | California |
| Form subdivision | Drama. |
| 650 #0 - SUBJECT ADDED ENTRY--TOPICAL TERM | |
| Topical term or geographic name as entry element | Brothers |
| Geographic subdivision | California |
| Form subdivision | Drama. |
| 650 #8 - SUBJECT ADDED ENTRY--TOPICAL TERM | |
| Topical term or geographic name as entry element | Petroleum workers |
| Geographic subdivision | California |
| Form subdivision | Drama. |
| 650 #8 - SUBJECT ADDED ENTRY--TOPICAL TERM | |
| Topical term or geographic name as entry element | Oil well drilling rigs |
| Geographic subdivision | California |
| Form subdivision | Drama. |
| 650 #8 - SUBJECT ADDED ENTRY--TOPICAL TERM | |
| Topical term or geographic name as entry element | Brothers |
| Geographic subdivision | California |
| Form subdivision | Drama. |
| 650 #0 - SUBJECT ADDED ENTRY--TOPICAL TERM | |
| Topical term or geographic name as entry element | Feature films. |
| 9 (RLIN) | 30844 |
| 650 #0 - SUBJECT ADDED ENTRY--TOPICAL TERM | |
| Topical term or geographic name as entry element | Video recordings for the hearing impaired. |
| 651 #0 - SUBJECT ADDED ENTRY--GEOGRAPHIC NAME | |
| Geographic name | California |
| Form subdivision | Drama. |
| 651 #8 - SUBJECT ADDED ENTRY--GEOGRAPHIC NAME | |
| Geographic name | California |
| Form subdivision | Drama. |
| 655 #7 - INDEX TERM--GENRE/FORM | |
| Genre/form data or focus term | Melodrama |
| Form subdivision | Feature. |
| Source of term | migfg |
| 655 #7 - INDEX TERM--GENRE/FORM | |
| Genre/form data or focus term | Feature films. |
| Source of term | gsafd |
| 655 #7 - INDEX TERM--GENRE/FORM | |
| Genre/form data or focus term | Melodrama. |
| Source of term | gsafd |
| 655 #0 - INDEX TERM--GENRE/FORM | |
| Genre/form data or focus term | Historical films. |
| 655 #0 - INDEX TERM--GENRE/FORM | |
| Genre/form data or focus term | Film adaptations. |
| 655 #7 - INDEX TERM--GENRE/FORM | |
| Genre/form data or focus term | Video recordings for the hearing impaired. |
| Source of term | lcgft |
| 655 #0 - INDEX TERM--GENRE/FORM | |
| Genre/form data or focus term | Fiction films. |
| 655 #0 - INDEX TERM--GENRE/FORM | |
| Genre/form data or focus term | Feature films. |
| 700 1# - ADDED ENTRY--PERSONAL NAME | |
| Personal name | Anderson, Paul Thomas. |
| 700 1# - ADDED ENTRY--PERSONAL NAME | |
| Personal name | Sellar, Joanne. |
| 700 1# - ADDED ENTRY--PERSONAL NAME | |
| Personal name | Lupi, Daniel. |
| 700 1# - ADDED ENTRY--PERSONAL NAME | |
| Personal name | Day-Lewis, Daniel. |
| 700 1# - ADDED ENTRY--PERSONAL NAME | |
| Personal name | Dano, Paul, |
| Dates associated with a name | 1984- |
| 700 1# - ADDED ENTRY--PERSONAL NAME | |
| Personal name | O'Connor, Kevin J., |
| Dates associated with a name | 1964- |
| 700 1# - ADDED ENTRY--PERSONAL NAME | |
| Personal name | Hinds, Ciarán, |
| Dates associated with a name | 1953- |
| 700 1# - ADDED ENTRY--PERSONAL NAME | |
| Personal name | Freasier, Dillon, |
| Dates associated with a name | 1996- |
| 700 1# - ADDED ENTRY--PERSONAL NAME | |
| Personal name | Del Sherman, Barry, |
| Dates associated with a name | 1962- |
| 700 1# - ADDED ENTRY--PERSONAL NAME | |
| Personal name | Tompkins, Paul F. |
| 700 1# - ADDED ENTRY--PERSONAL NAME | |
| Personal name | Sinclair, Upton, |
| Dates associated with a name | 1878-1968. |
| Title of a work | Oil! (Novel) |
| 710 2# - ADDED ENTRY--CORPORATE NAME | |
| Corporate name or jurisdiction name as entry element | Paramount Vantage. |
| 710 2# - ADDED ENTRY--CORPORATE NAME | |
| Corporate name or jurisdiction name as entry element | Miramax Films. |
| 9 (RLIN) | 35206 |
| 710 2# - ADDED ENTRY--CORPORATE NAME | |
| Corporate name or jurisdiction name as entry element | Ghoulardi Film Company. |
| 710 2# - ADDED ENTRY--CORPORATE NAME | |
| Corporate name or jurisdiction name as entry element | Paramount Home Entertainment (Firm) |
| 942 ## - ADDED ENTRY ELEMENTS (KOHA) | |
| Source of classification or shelving scheme | Dewey Decimal Classification |
| Item type | CD | DVD - Movie (NB) |
| Withdrawn status | Lost status | Source of classification or shelving scheme | Damaged status | Not for loan | Koha collection | Home library | Current library | Shelving location | Date acquired | Source of acquisition | Cost, normal purchase price | Total Checkouts | Full call number | Barcode | Date last seen | Cost, replacement price | Koha item type |
|---|---|---|---|---|---|---|---|---|---|---|---|---|---|---|---|---|---|
| Dewey Decimal Classification | Baccah | Central Library | Central Library | Second Floor | 27/02/2021 | Purchase | 250.00 | 791.4372 THE | 000050176 | 24/08/2022 | 312.50 | CD | DVD - Movie (NB) |